000 00319pab a2200133 454500
008 180718b xxu||||| |||| 00| 0 eng d
100 _aJain, Sushil K
245 _aWhy managers should use computers
650 _a Executive
650 _a Manager
650 _aComputers
773 _aManagement Accountant
909 _a2533
999 _c2533
_d2533